000 01126cam a2200361Mi 4500
001 101194
005 20230410105333.0
008 010205s2001 xx 000 0 eng d
010 _a 00023608
035 _a(OCoLC)ocn174689204
040 _aHEBIS
_bger
_cHEBIS
_dBAKER
020 _a052177568X
020 _a9780521775687
020 _a0521772680
020 _a9780521772686
029 1 _aHEBIS
_b095642005
035 _a(OCoLC)174689204
041 0 _aeng
050 1 4 _aH61
_bF648m 2001
100 1 _aFlyvbjerg, Bent
_4aut
245 0 0 _aMaking social science matter
_bwhy social inquiry fails and how it can count again
_cBent Flyvbjerg
260 _aCambridge [u.a.]
_bCambridge Univ. Press
_c2001
300 _aX, 204 S.
504 _aLiteraturangaben
546 _aAus d. Dèan. èubers.
650 0 7 _aSozialwissenschaften
_2swd
650 0 7 _aWissenschaftstheorie
_2swd
938 _aBaker & Taylor
_bBKTY
_c24.99
_d24.99
_i052177568X
_n0003628532
_sactive
938 _aBaker & Taylor
_bBKTY
_c80.00
_d80.00
_i0521772680
_n0003490080
_sactive
942 _2lcc
_cbk
946 _aINF
994 _aC0
_bDRFGD
999 _c34643
_d34643